Score 0/20 Timer 05:00
1 Play Today
Question Answer Wrong Answers
Did 'The One with Monica and Chandler's Wedding' air before or after the birth of Swedish climate activist Greta Thunberg? BEFORE
65.6%
AFTER
19.3%
The Late Show with David Letterman premiered on CBS before or after OJ Simpson went for a ride in his white Ford Bronco? BEFORE
65%
AFTER
20.7%
Did The Twilight Zone premiere before or after
Martin Luther King Jr's 'I Have a Dream' speech?
BEFORE
61%
AFTER
24.2%
Did the (original) miniseries Roots air before or after
the Iran hostage crisis?
BEFORE
60.8%
AFTER
24.5%
Did the pilot episode of Seinfeld air before or after
the Space Shuttle Challenger exploded?
AFTER
59.9%
BEFORE
25.5%
Did America find out who shot JR before or after
the US Men's Hockey Team beat Russia and won Olympic Gold?
AFTER
56.2%
BEFORE
28.7%
Did the first episode of M*A*S*H air before or after
Richard Nixon resigned as President of the United States?
BEFORE
55.8%
AFTER
29.6%
Did the series finale of Mad Men air before or after the Chicago Cubs beat the Cleveland Indians to *finally* win the World Series? BEFORE
53.4%
AFTER
32.7%
Did the one season of cult-favorite Firefly air before or after
the first 'Harry Potter' book was published?
AFTER
52%
BEFORE
33.3%
Did the series finale of The Andy Griffith Show air before or after
the break-up of The Beatles?
BEFORE
51.6%
AFTER
33%
Did the second season of Star Trek (original series) air before or after Joe Namath led the New York Jets to victory in Super Bowl III? BEFORE
50.6%
AFTER
34.9%
Did the pilot episode of Breaking Bad air before or after
Ken Jennings won 74 consecutive games on Jeopardy?
AFTER
49.1%
BEFORE
35.6%
Was Jed Bartlett re-elected President on The West Wing before or after George W Bush was re-elected President of the United States? BEFORE
48.9%
AFTER
36.4%
Did The Honeymooners air before or after the Korean War? AFTER
46.6%
BEFORE
39.4%
Did the final episode of Leave It to Beaver air
before or after the Kennedy Assassination?
BEFORE
45.3%
AFTER
39.7%
Did Steve Martin host Saturday Night Live for the first time
before or after the United States Bicentennial?
AFTER
45.1%
BEFORE
40.5%
Did LOST air before or after Mark Zuckerberg created Facebook? AFTER
45%
BEFORE
40.3%
Did the titular character of the TV show Ellen come out as a lesbian before or after the Macarena dance craze swept the nation? AFTER
44.4%
BEFORE
40.8%
Did Sesame Street premiere on PBS before or after
US astronaut Neil Armstrong walked on the Moon?
AFTER
43%
BEFORE
43.1%
Did the series finale of Modern Family air before or after
the Covid-19 virus spread to the USA?
AFTER
31.8%
BEFORE
53.4%
Remove Ads.
Support Sporcle.
Get the best of Sporcle when you Go Orange. This ad-free experience offers more features, more stats, and more fun while also helping to support Sporcle. Thank you for becoming a member.

You're not logged in!

Compare scores with friends on all Sporcle quizzes.
OR
Log In

Sporcle TV

Today on Sporcle TV


Watch our educational content, quiz creation guides, and fun videos on Sporcle TV.

Show Comments

Extras

Top Quizzes Today


Score Distribution

Paid Content

Your Account Isn't Verified!

In order to create a playlist on Sporcle, you need to verify the email address you used during registration. Go to your Sporcle Settings to finish the process.

Report this User

Report this user for behavior that violates our Community Guidelines.

Details: